| 000 | 00690nam a22001937a 4500 | ||
|---|---|---|---|
| 999 |
_c14426 _d14426 |
||
| 003 | AR-CdUCM | ||
| 008 | 190423b ||||| |||| 00| 0 spa d | ||
| 020 | _a978-9972-40-304-0 | ||
| 040 |
_aMUNICIPALIDAD PROVINCIAL DEL CUSCO _cBIBLIOTECA MUNICIPAL DEL CUSCO |
||
| 082 |
_aEP / 803 / _bM65 |
||
| 110 |
_aPeisa quirquincho. _933187 |
||
| 245 |
_aEl misterio de las islas de Pachacamac : _bMitos y leyendas para niños / |
||
| 260 |
_aLima : _bPeisa quirquincho, _c2009. |
||
| 300 |
_c20 cm. _a35 páginas ; |
||
| 505 | _aContenido :El misterio de las islas de Pachacamac, mitos y leyendas para niños ... | ||
| 650 |
_aCuentos _951588 |
||
| 942 |
_2ddc _cLIBROS |
||
| 945 |
_arum _d2019-04-23 |
||